Informačný spravodajca KVL SR

Bibliographic Details
New Title:VET žurnál
Format: Journal
Language:Slovak
PhysicalDescription:14 zv. 30 cm
Published: Bratislava Komora veterinárnych lekárov Slovenskej republiky 1992-2005
ISSN:1336-1724
2585-884X
Subjects:

MARC

LEADER 00000cas a2200000 a 4500
001 vtls008426195
003 SK-MaSNL
005 20260228161037.0
008 060125d19922005xo mr|p 0 b0slo
022 |a 1336-1724 
040 |a SVKPO  |b slo  |c SVKPO  |d SAVUK  |d SNK  |e AACR2 
041 0 |a slo 
044 |a xo  |c SK 
072 7 |a 636.09  |x Veterinárna medicína  |2 konspekt 
080 |a 636.09  |2 2001 
080 |a 050  |2 2001 
080 |a (094.5)  |2 2001 
210 0 |a Inf. sprav. KVL SR 
222 |a Informačný spravodajca KVL SR 
245 0 0 |a Informačný spravodajca KVL SR 
246 1 3 |a Informačný spravodajca Komory veterinárnych lekárov Slovenskej republiky 
246 1 3 |a Informačný spravodajca  |b odborný a stavovský časopis Komory veterinárnych lekárov Slovenskej republiky 
260 |a Bratislava  |b Komora veterinárnych lekárov Slovenskej republiky  |c 1992-2005 
300 |a 14 zv.  |c 30 cm 
310 |a 1x mesačne  |b 2004- 
321 |a 6x ročne  |b 1992-2003 
362 0 |a Roč. 1 (1992)-roč. 14, č.4 (2005) 
500 |a Zodpovedný red.: ?-1/2001-[4]/2002, Alena Micháľová ; 5/2002-, Ladislav Pačaj 
500 |a Registračné číslo: MK SR 2313/2000 
610 2 7 |a Komora veterinárnych lekárov Slovenskej republiky  |2 SNKKA  |9 151844 
650 0 7 |a veterinárna medicína  |2 SNKPH  |9 1148 
655 7 |a odborné časopisy  |2 SNKPH  |9 70505 
655 7 |a právne predpisy  |2 SNKPH  |9 70481 
700 1 |a Michaľová, Alena  |4 red  |9 158810 
700 1 |a Pačaj, Ladislav  |4 red  |9 267856 
785 0 0 |t VET žurnál  |x 2585-884X  |w vtls011750763 
850 |a Štátna vedecká knižnica v Prešove 
856 4 0 |a http://www.kvlsr.sk 
910 |a savuk 
910 |a snk 
999 |c 4167  |d 6097 
952 |0 0  |1 0  |4 0  |7 0  |8 0  |a SNK  |b SNK  |d 2016-09-21  |i snk2016/21982  |l 0  |o snkČSB 5303/14/2005 D1  |p 17A1046150  |r 2026-02-21 22:02:50  |t č. 1-4  |w 2026-02-21  |y PREZ 
952 |0 0  |1 0  |4 0  |7 0  |8 0  |a SNK  |b SNK  |d 2016-09-21  |i snk2016/21975  |l 0  |o snkČSB 5303/13/2004  |p 17A1046147  |r 2026-02-21 22:03:41  |t č. 1-12,+1 príl,+mim. č.  |w 2026-02-21  |y PREZ  |z Prílohy: Zákon 442 z 30. júna 2004 o súkromných veterinárnych lekároch, ... ; mim. č. XII. snem Komory veterinárnych lekárov SR 
952 |0 0  |1 0  |4 0  |7 0  |a SNK  |b SNK  |d 2016-09-21  |i snkČSP 1814/04  |l 0  |o snkČSB 5303/10/2001  |p 17A0985092  |r 2026-02-21 22:03:44  |t č. 1-6  |w 2026-02-21  |y PREZ 
952 |0 0  |1 0  |4 0  |7 0  |8 0  |a SNK  |b SNK  |d 2016-09-21  |i snk2016/21947  |l 0  |o snkČSB 5303/11/2002-2003  |p 17A1046143  |r 2026-02-21 22:03:44  |t č. 1-6/1, neúplné,+2 príl.  |w 2026-02-21  |y PREZ  |z Chýba č. 4 ; Prílohy: Zo zasadania prezídia - č. 5, 6 ; V č. 6/2002 je priviazané aj č. 1/2003 
952 |0 0  |1 0  |4 0  |7 0  |8 0  |a SNK  |b SNK  |d 2016-09-21  |i snk2016/21966  |l 0  |o snkČSB 5303/11/2002-2003 D1  |p 17A1046144  |r 2026-02-21 22:03:44  |t č. 1-6/1, neúplné,+2 príl.  |w 2026-02-21  |y PREZ  |z Chýba č. 4 ; Prílohy: Zo zasadania prezídia č. 5, 6 ; V č. 6/2002 je priviazané č. 1/2003 
952 |0 0  |1 0  |4 0  |7 0  |8 0  |a SNK  |b SNK  |d 2016-09-21  |i snk2016/21967  |l 0  |o snkČSB 5303/12/2003  |p 17A1046145  |r 2026-02-21 22:03:44  |t č. 2-6  |w 2026-02-21  |y PREZ 
952 |0 0  |1 0  |4 0  |7 0  |8 0  |a SNK  |b SNK  |d 2016-09-21  |i snk2016/21969  |l 0  |o snkČSB 5303/12/2003 D1  |p 17A1046146  |r 2026-02-21 22:03:44  |t č. 2-6  |w 2026-02-21  |y PREZ 
952 |0 0  |1 0  |4 0  |7 0  |8 0  |a SNK  |b SNK  |d 2016-09-21  |i snk2016/21977  |l 0  |o snkČSB 5303/13/2004 D1  |p 17A1046148  |r 2026-02-21 22:03:44  |t č. 1-12,+1 príl.,+mim. č.  |w 2026-02-21  |y PREZ  |z Prílohy: Zákon č. 442 z 30. júna 2004 o súkromných veterinárnych lekároch, ... ; mim. č. XII. snem Komory veterinárnych lekárov SR 
952 |0 0  |1 0  |4 0  |7 0  |8 0  |a SNK  |b SNK  |d 2016-09-21  |i snk2016/21981  |l 0  |o snkČSB 5303/14/2005  |p 17A1046149  |r 2026-02-21 22:03:45  |t č. 1-4  |w 2026-02-21  |y PREZ